000 00571nam a2200193Ia 4500
003 GCL
005 20240530103900.0
008 140319s9999 xx 000 0 ara d
040 _aGCL /
_cGCL
082 0 4 _a370.15
_bج ت
100 1 _aجبر متولى سيد احمد
245 1 0 _aالتربية الصحية /
_cجبر متولى سيد احمد
300 _a110 ص؛
_c24 سم
650 0 4 _aالصحة النفسية
650 0 4 _aالصحة المدرسية
650 0 4 _aالغذاء
700 1 _aنبيل حافظ
_eمؤلف مشارك
942 _2ddc
_cBK
999 _c43188
_d43188